Central Library OPAC University of Rajshahi

The cow of the barricades : (Record no. 18473)

MARC details
000 -LEADER
fixed length control field 00914cam a22002651 4500
001 - CONTROL NUMBER
control field 18473
003 - CONTROL NUMBER IDENTIFIER
rucl marc code BD-RjUL
005 - DATE AND TIME OF LATEST TRANSACTION
control field 20211209000306.0
008 - FIXED-LENGTH DATA ELEMENTS--GENERAL INFORMATION
fixed length control field 140220s1947 enk 000 0 eng d
035 ## - SYSTEM CONTROL NUMBER
System control number (BD-RjUL)18531
System control number (OCoLC)1535322
040 ## - CATALOGING SOURCE
Original cataloging agency DLC
Transcribing agency MBU
Modifying agency DLC
-- BD-RjUL
Language of cataloging eng
041 ## - LANGUAGE CODE
Language code of text/sound track or separate title eng
082 00 - DEWEY DECIMAL CLASSIFICATION NUMBER
Classification number 823.9
Author mark and year RAC 1947
100 0# - MAIN ENTRY--PERSONAL NAME
Personal name Raja Rao.
9 (RLIN) 56913
245 14 - TITLE STATEMENT
Title The cow of the barricades :
Remainder of title and other stories. /
Statement of responsibility, etc. Rao. Raja
260 ## - PUBLICATION, DISTRIBUTION, ETC. (IMPRINT)
Place of publication, distribution, etc. London :
Name of publisher, distributor, etc. Oxford University Press,
Date of publication, distribution, etc. c1947
300 ## - PHYSICAL DESCRIPTION
Pagination vii, 181 p. ;
Size 19 cm.
490 0# - SERIES STATEMENT
Series statement Champak library
505 0# - FORMATTED CONTENTS NOTE
Formatted contents note Javni.--The little gram shop.--The true story of Kanakapala, protector of gold.--Akkayya.--Narsiga.--A client.--In Khandesh.--Companions.--The cow of the barricades.
651 #0 - SUBJECT ADDED ENTRY--GEOGRAPHIC NAME
Geographic name India
General subdivision Social life and customs
Form subdivision Fiction.
9 (RLIN) 56914
942 ## - ADDED ENTRY ELEMENTS (KOHA)
Source of classification or shelving scheme Dewey Decimal Classification
Koha item type Books
Holdings
Lost status Source of classification or shelving scheme Damaged status Not for loan Collection code Permanent Location Current Location Shelving location Date acquired Source of acquisition Total Checkouts Full call number Date last seen Copy number Koha item type
  Dewey Decimal Classification   Not For Loan Fiction Central Library, University of Rajshahi Central Library, University of Rajshahi Reading Room 22/06/1974 India Govt.   823.9 RAC 1947 20/02/2014 C-1 Books